000 00302nam a22001337a 4500
008 170926b xxu||||| |||| 00| 0 eng d
020 _a9783885327172
041 _aeng
080 _a37
100 _a46
101 _aEDU
245 _aLEHR UND UBUNGSABUCH GRAMATIK
_cSCHMITT.D
942 _2udc
_cBK
999 _c29769
_d29769